000
00471nam a2200169Ia 4500
008
110201s9999 xx 000 0 und d
082
_b
B2125
_a
KS 345
100
_a
शेखर
245
_a
सर्कस सुंदरी
260
_b
अंजु प्रकाशन
365
_b
15
600
_a
शेखर
630
_a
सर्कस सुंदरी
700
_a
शेखर
730
_a
सर्कस सुंदरी
942
_c
BOOK
999
_c
829221
_d
829218